000 00385nam a22001097a 4500
008 150619t xxu||||| |||| 00| 0 eng d
100 _aSaleha Resham-Sup-Dr. Sobia Manzoor
_91005
245 _aTH-BS-Correlation of interleukin 28A espression levels and sustained virological response in chronic HCV patients
_hThesis
260 _aNUST ISLAMABAD
_bASAB NUST
300 _a85
942 _2ddc
_cCR
999 _c17274
_d17274